000 00305nam a22001217a 4500
008 230629b xxu||||| |||| 00| 0 eng d
020 _a0406641668
082 _24
_a346.42
_bPET 1979
245 _aEquity and the Law of Trusts
260 _bButterworth Co.
_c1979
300 _aLVIII,593p
942 _2ddc
_cBK
999 _c3133
_d3133